Methods of tests for natural rubber. Part I. Determination of dirt, volatile matter, ash, total copper, manganese, iron, rubber hydrocarbon, viscosity (shearing disk viscometer), and mixing vulcanizing of rubber in a standard compound. (First Revision) (Record no. 73720)

MARC details
000 -LEADER
fixed length control field 00569nam a2200121Ia 4500
245 #0 - TITLE STATEMENT
Title Methods of tests for natural rubber. Part I. Determination of dirt, volatile matter, ash, total copper, manganese, iron, rubber hydrocarbon, viscosity (shearing disk viscometer), and mixing vulcanizing of rubber in a standard compound. (First Revision)
260 ## - PUBLICATION, DISTRIBUTION, ETC. (IMPRINT)
Place of publication New delhi
260 ## - PUBLICATION, DISTRIBUTION, ETC. (IMPRINT)
Year of publication 1972
Name of publisher Bureau of Indian Standards
500 ## - GENERAL NOTE
General note Standard number: IS 3660 (Part I)
650 ## - SUBJECT ADDED ENTRY--TOPICAL TERM
Topical Term Natural rubber testing methods
942 ## - ADDED ENTRY ELEMENTS (KOHA)
Koha item type Standards
Holdings
Withdrawn status Lost status Damaged status Not for loan Home library Current library Date acquired Koha item type
      Standards RRII Library RRII Library 31/12/2021 Standards